书目信息 |
| 题名: |
AP宏微观经济学基础教程
|
|
| 作者: | 李世杰 编著 ;刘胜利 编著 | |
| 分册: | ||
| 出版信息: | 北京 中国人民大学出版社 2013 |
|
| 页数: | 356页 | |
| 开本: | 26cm | |
| 丛书名: | ||
| 单 册: | ||
| 中图分类: | F015 , F016 | |
| 科图分类: | ||
| 主题词: | 宏观经济学--高等学校--入学考试--美国--教材 , 微观经济学--高等学校--入学考试--美国--教材 , 宏观经济学 , 微观经济学 | |
| 电子资源: | ||
| ISBN: | 978-7-300-16713-8 | |
| 000 | 01211nam0 2200325 450 | |
| 001 | 524 | |
| 005 | 20140908143741.51 | |
| 010 | @a978-7-300-16713-8@dCNY48.00 | |
| 100 | @a20130619d2013 em y0chiy50 ea | |
| 101 | 0 | @achi@aeng |
| 102 | @aCN@b110000 | |
| 105 | @ay z 000yy | |
| 106 | @ar | |
| 200 | 1 | @aAP宏微观经济学基础教程@AAP Hong Wei Guan Jing Ji Xue Ji Chu Jiao Cheng@f李世杰,刘胜利编著@FLi Shi Jie, Liu Sheng Li Bian Zhu |
| 210 | @a北京@c中国人民大学出版社@d2013 | |
| 215 | @a356页@d26cm | |
| 300 | @aAP基础教程系列教材 | |
| 312 | @a封面英文题名:AP economics essentials | |
| 330 | @a本书针对官方规定的知识点进行中文讲解,然后进行全英文课后练习。这样在中文理解的基础上不失英文答题的感觉。同时,书中也对重要的词汇进行中英文双语注释,以方便读者理解和学习。 | |
| 510 | 1 | @aAP economics essentials@zeng |
| 606 | 0 | @a宏观经济学@x高等学校@x入学考试@y美国@j教材 |
| 606 | 0 | @a微观经济学@x高等学校@x入学考试@y美国@j教材 |
| 606 | 0 | @a宏观经济学 |
| 606 | 0 | @a微观经济学 |
| 690 | @aF015@v5 | |
| 690 | @aF016@v5 | |
| 701 | 0 | @a李世杰@ALi Shi Jie@g(经济学)@4编著 |
| 702 | 0 | @a刘胜利@ALiu Sheng Li@g(经济学)@4编著 |
| 801 | 0 | @aCN@bTANGWEI@c20140603 |
| 905 | @b0837859-61@dF015@e452@f3 | |
| AP宏微观经济学基础教程/李世杰,刘胜利编著.-北京:中国人民大学出版社,2013 |
| 356页;26cm |
| AP基础教程系列教材 |
| ISBN 978-7-300-16713-8:CNY48.00 |
| 本书针对官方规定的知识点进行中文讲解,然后进行全英文课后练习。这样在中文理解的基础上不失英文答题的感觉。同时,书中也对重要的词汇进行中英文双语注释,以方便读者理解和学习。 |
| ● |
| 相关链接 |
|
|
|
|
正题名:AP宏微观经济学基础教程
索取号:F015/452
 
预约/预借
| 序号 | 登录号 | 条形码 | 馆藏地/架位号 | 状态 | 备注 |
| 1 | 0837859 | 208378593 | 第一样本阅览室/ [索取号:F015/452] | 在馆 | |
| 2 | 0837860 | 208378600 | 密集书库-海洋学院/ [索取号:F015/452] | 在馆 | |
| 3 | 0837861 | 208378619 | 第一借阅区/ [索取号:F015/452] | 在馆 |